Nghiên cứu chiết tách, xác định thành phần các ancaloit trong thân cây hoàng đằng
Xác định một số chỉ tiêu hóa lý như độ ẩm, hàm lượng tro, hàm lượng kim loại nặng của bột thân hoàng đằng. Xây dựng quy trình chiết tách ancaloit trong thân hoàng đằng. Xác định thành phần hoá học, cấu trúc các hợp chất ancaloit trong thân hoàng đằng và thử hoạt tính kháng sinh của nó....
Gardado en:
| Autor Principal: | |
|---|---|
| Outros autores: | |
| Formato: | Libro |
| Idioma: | Vietnamese |
| Publicado: |
Đà Nẵng
Đại học Sư phạm, Đại học Đà Nẵng
2013
|
| Những chủ đề: | |
| Các nhãn: |
Engadir etiqueta
Sen Etiquetas, Sexa o primeiro en etiquetar este rexistro!
|
| Thư viện lưu trữ: | Mạng thư viện Đại học Đà Nẵng |
|---|
| LEADER | 01860nam a2200361 4500 | ||
|---|---|---|---|
| 001 | 000018766 | ||
| 003 | 15201 | ||
| 005 | 20140110150110.0 | ||
| 008 | 140102s2013 viesd | ||
| 041 | |a vie | ||
| 082 | 1 | 4 | |a 615.321 |b ĐI-T |
| 100 | 1 | |a Đinh Thị Hồng Thảo | |
| 245 | 1 | 0 | |a Nghiên cứu chiết tách, xác định thành phần các ancaloit trong thân cây hoàng đằng |c Đinh Thị Hồng Thảo ; Đỗ Thị Thúy Vân hướng dẫn |k Khóa luận tốt nghiệp |
| 260 | |a Đà Nẵng |b Đại học Sư phạm, Đại học Đà Nẵng |c 2013 | ||
| 300 | |a 32 tr. |b Hình mh. |c 29 cm. |e Bản tóm tắt | ||
| 500 | |a Khóa luận tốt nghiệp đại học. Chuyên ngành: Cử nhân Hóa Dược | ||
| 520 | |a Xác định một số chỉ tiêu hóa lý như độ ẩm, hàm lượng tro, hàm lượng kim loại nặng của bột thân hoàng đằng. Xây dựng quy trình chiết tách ancaloit trong thân hoàng đằng. Xác định thành phần hoá học, cấu trúc các hợp chất ancaloit trong thân hoàng đằng và thử hoạt tính kháng sinh của nó. | ||
| 650 | 0 | 4 | |a Hoàng đằng (thực vật) |v Khóa luận tốt nghiệp |x Chiết tách |x Ancaloit |
| 653 | |a Cây Hoàng đằng | ||
| 653 | |a Khoa Hóa | ||
| 653 | |a Chiết tách | ||
| 653 | |a Ancaloit | ||
| 700 | 1 | |a Đỗ Thị Thúy Vân |e Hướng dẫn | |
| OWN | |a LSP | ||
| AVA | |a UDN50 |b LSP |d 615.321 ĐI-T |e available |t Error 5001 Not defined in file expand_doc_bib_avail. |f 1 |g 0 |h N |i 0 |k 1 | ||
| 999 | |a From the UDN01 | ||
| AVA | |a UDN50 |b LSP |d 615.321 ĐI-T |e available |t Error 5001 Not defined in file expand_doc_bib_avail. |f 1 |g 0 |h N |i 0 |k 1 | ||
| TYP | |a Monograph | ||
| TYP | |a Printed language | ||
| 980 | |a Mạng thư viện Đại học Đà Nẵng | ||